Potreba nového systému sociálnej pomoci
Základné ciele systému sociálnej pomoci. Ekonomické aspekty uplatnenia systému sociálnej pomoci. Analýza sociálnej pomoci na Slovensku v r. 1993. Dávky sociálnej starostlivosti pre rodiny s deťmi, pre uchádzačov o zamestnanie, pre starých občanov a občanov zdravotne ťažko postihnutých, pre sociálne...
Na minha lista:
| Autor principal: | |
|---|---|
| Formato: | Capítulo de Livro |
| Idioma: | eslovaco |
| Assuntos: | |
| Tags: |
Sem tags, seja o primeiro a adicionar uma tag!
|
MARC
| LEADER | 00000naa a2200000 4500 | ||
|---|---|---|---|
| 001 | r017199 | ||
| 005 | 20221205101615.7 | ||
| 041 | 0 | |a slo | |
| 044 | |a SK | ||
| 245 | 1 | 0 | |a Potreba nového systému sociálnej pomoci |c Alena Krausová |
| 520 | |a Základné ciele systému sociálnej pomoci. Ekonomické aspekty uplatnenia systému sociálnej pomoci. Analýza sociálnej pomoci na Slovensku v r. 1993. Dávky sociálnej starostlivosti pre rodiny s deťmi, pre uchádzačov o zamestnanie, pre starých občanov a občanov zdravotne ťažko postihnutých, pre sociálne neprispôsobivých občanov, pre občanov, ktorí potrebujú osobitnú pomoc. Zhodnotenie súčasného stavu. Nevyhnutnosť diferenciácie a motivácie občanov pri poskytovaní sociálnej pomoci. | ||
| 610 | 2 | 0 | |a pomoc sociálna |
| 610 | 2 | 0 | |a Slovensko |
| 610 | 2 | 0 | |a zabezpečenie sociálne |
| 610 | 2 | 0 | |a starostlivosť sociálna |
| 610 | 2 | 0 | |a analýza sociálna |
| 610 | 2 | 0 | |a dávky sociálne |
| 610 | 2 | 0 | |a občania |
| 610 | 2 | 0 | |a 1993 |
| 100 | 1 | |a Krausová, Alena | |